Účtovníctvo obchodných bánk

Gespeichert in:
Bibliographische Detailangaben
1. Verfasser: Boušková, Dagmar
Format: Buch
Sprache:Slowakisch
Veröffentlicht: Bratislava IURA EDITION 2005
Schriftenreihe:Ekonómia
Schlagworte:
Tags: Tag hinzufügen
Keine Tags, Fügen Sie das erste Tag hinzu!

MARC

LEADER 00000nam$a2200000$$$4500
001 0033520
005 20240502071441.4
020 |a 80-8078-053-6 
041 0 |a slo 
044 |a SK 
245 1 0 |a Účtovníctvo obchodných bánk  |c Dagmar Boušková 
264 1 |a Bratislava  |b IURA EDITION  |c 2005 
300 |a 176 s. 
490 1 |a Ekonómia 
830 0 |a Ekonómia 
610 2 0 |a banky obchodné 
610 2 0 |a účtovníctvo bankové 
610 2 0 |a účtovanie 
610 2 0 |a účtovníctvo 
610 2 0 |a účty 
610 2 0 |a triedy účtové 
610 2 0 |a závierka účtovná 
100 1 |a Boušková, Dagmar